000
00218nam a22000977a 4500
082
_a
623.44 HAN'D
245
_a
HANDBOOK OF INFANTRY WEAPONS
260
_a
QUETTA
_b
TECHNICAL WING
_c
1960
300
_a
16.9P
942
_c
BK
999
_c
581493
_d
581493